00395pab a2200133 454500008004000000100002400040245008700064260000900151300001000160362000900170650003900179700001900218773002400237180718b1990 xxu||||| |||| 00| 0 eng d aMasavi, Mustalli I. aSocio - Economic issues of weaker sectionsbA study of scheduled castes in Gujarat c1990 a374-9 aJun. aScheduled Castes - India - Gujarat aKokila J. Bhan aKhadi Gramodyog????